00804nam a22002297a 4500003000400000005001700004008004100021020001800062040001600080082001800096245011700114260004400231300002200275440006300297504005100360650003000411650005000441700002400491700002700515942001400542999001800556OSt20150408113926.0110929t xxu||||| |||| 00| 0 eng d a9780750308168 aMUbENGcMB 221a616.07575 aTherapeutic applications of Monte Carlo calculations in nuclear medicinecedited by Habib Zaidi, George Sgouros. aBristolbInstitute of Physics Pubc2003 axx, 364 p.c23 CM aSeries in medical physics and biomedical engineering95035 aIncludes bibliographical references and index. aMonte Carlo method 95036 aNuclear medicine xStatistical methods 95037 aZaidi, Habib.95038 aSgouros, George.95039 2ddccBOOK c15520d250020